000
00307nam a22001337a 4500
008
170327b xxu||||| |||| 00| 0 eng d
020
_a
9781416003076
041
_a
eng
080
_2
5TH
_a
615.83
100
_a
8
101
_a
SHM
245
_a
TEXTBOOK OF PHYSICCAL DIAGNOSIS
_c
SWARTZ, M.H
942
_2
udc
_c
BK
999
_c
8716
_d
8716